书目信息 |
| 题名: |
当代报告文学名篇赏析
|
|
| 作者: | 金戈 编 | |
| 分册: | ||
| 出版信息: | 福州 海峡文艺出版社 1996.06 |
|
| 页数: | 512页 | |
| 开本: | 32开 | |
| 丛书名: | ||
| 单 册: | ||
| 中图分类: | I207.5 | |
| 科图分类: | ||
| 主题词: | 文学--中国 | |
| 电子资源: | ||
| ISBN: | 7-80534-894-4 | |
| 000 | 00565nam0 2200193 45 | |
| 001 | 0009230543 | |
| 005 | 20000923054704.2 | |
| 010 | @a7-80534-894-4@d19.00元 | |
| 100 | @a20000923d1996 km y0chiy0120 ea | |
| 101 | 0 | @achi |
| 105 | @a z 000yy | |
| 200 | 1 | @a当代报告文学名篇赏析@ADang Dai Bao Gao Wen Xue Ming Pian Shang Xi@f金戈等编@FJin Ge Deng Bian |
| 210 | @a福州@c海峡文艺出版社@d1996.06 | |
| 215 | @a512页@d32开 | |
| 606 | 0 | @a文学@x中国 |
| 690 | @aI207.5@v3 | |
| 701 | 0 | @a金戈@4编 |
| 801 | @aCN@bPftUser@c20000923 | |
| 905 | @b212981-985@dI207.5@eJ.059@f5 | |
| 当代报告文学名篇赏析/金戈等编.-福州:海峡文艺出版社,1996.06 |
| 512页;32开 |
| ISBN 7-80534-894-4:19.00元 |
| ● |
| 相关链接 |
|
|
|
正题名:当代报告文学名篇赏析
索取号:I207.5/J.059
 
预约/预借
| 序号 | 登录号 | 条形码 | 馆藏地/架位号 | 状态 | 备注 |
| 1 | 212981 | 202129810 | 文学库108/108文学库 10排3列4层/ [索取号:I207.5/J.059] | 在馆 | |
| 2 | 212982 | 202129829 | 文学库108/108文学库 10排3列5层/ [索取号:I207.5/J.059] | 在馆 | |
| 3 | 212983 | 202129838 | 文学库108/108文学库 10排3列4层/ [索取号:I207.5/J.059] | 在馆 | |
| 4 | 212984 | 202129847 | 文学库108/108文学库 10排3列4层/ [索取号:I207.5/J.059] | 在馆 | |
| 5 | 212985 | 202129856 | 文学库108/108文学库 10排3列4层/ [索取号:I207.5/J.059] | 在馆 |